000
00273nam a22001217a 4500
008
180205b xxu||||| |||| 00| 0 eng d
041
_a
eng
080
_a
338
100
_a
54
101
_a
man
245
_a
habdbook profesional managers
_c
bittel.l.r
942
_2
udc
_c
BK
999
_c
41728
_d
41728